Jan Royt : krajinami umění /

Hlavní autor: Royt, Jan, 1955-
Další autoři: Bedřich, Martin, 1982-
Jazyk: Čeština
Vydáno: Praha : Portál, 2015
Vydání: Vyd. 1.
Témata:
Externí odkaz: Digitalizovaný dokument
Fyzický popis: 174 s., [16] s. obr. příl. : barev. il., portréty ; 21 cm
Knihy
Uloženo v:
LEADER 01829nam a2200505 a 4500
001 nkc20152683169
003 CZ PrNK
005 20240820235007.0
007 ta
008 150310s2015 xr acf e 000 0acze
015 |a cnb002683169 
020 |a 978-80-262-0799-3  |q (brož.) 
035 |a (OCoLC)910988303 
040 |a ABA001  |b cze  |d OLA001 
043 |a e-xr--- 
045 |a x-y- 
072 7 |a 7.01/.09  |x Umění  |2 Konspekt  |9 21 
072 7 |a 929  |x Biografie  |2 Konspekt  |9 8 
080 |a 7.072.2  |2 MRF 
080 |a 929  |2 MRF 
080 |a 72/76  |2 MRF 
080 |a (437.3)  |2 MRF 
080 |a (047.53)  |2 MRF 
100 1 |a Royt, Jan,  |d 1955-  |7 jn19990216156  |4 aut 
245 1 0 |a Jan Royt :  |b krajinami umění /  |c rozhovor s Martinem Bedřichem 
246 3 0 |a Krajinami umění 
250 |a Vyd. 1. 
260 |a Praha :  |b Portál,  |c 2015 
300 |a 174 s., [16] s. obr. příl. :  |b barev. il., portréty ;  |c 21 cm 
600 1 7 |a Royt, Jan,  |d 1955-  |7 jn19990216156  |2 czenas 
648 7 |a 20.-21. století  |7 ch462155  |2 czenas 
650 0 7 |a historici umění  |7 ph120710  |z Česko  |y 20.-21. století  |2 czenas 
650 0 7 |a umění  |7 ph116538  |2 czenas 
650 0 9 |a art historians  |z Czechia  |y 20th-21st centuries  |2 eczenas 
650 0 9 |a art  |2 eczenas 
655 7 |a rozhovory  |7 fd133303  |2 czenas 
655 9 |a interviews  |2 eczenas 
700 1 |a Bedřich, Martin,  |d 1982-  |7 mzk2004252194  |4 aut 
856 4 1 |u http://www.digitalniknihovna.cz/mzk/uuid/uuid:fdcebfb0-4b40-11ef-81c2-5ef3fc9bb22f  |y Digitalizovaný dokument  |x NDK 
910 2 |a BOA001  |b 2-1345.955 
990 |a BK 
995 |a 01 
991 |b 201505  |c NOV  |e n 
996 6 |b 2610631440  |c 2-1345.955  |l MZK  |r Sklad / do 1 hodiny  |n 4  |p p.v.  |w 001502221  |u 000010  |a 1  |e BOA001  |j MZK50  |s P 
996 7 |b 2610634073  |c 2-1345.955  |l MZK  |r Sklad / do 1 hodiny  |n 7  |p kup  |w 001502221  |u 000020  |a 1  |e BOA001  |j MZK50  |s A